Normal view
MARC view
- Ms Mechatronics Engineering
Entry Topical Term
001 - CONTROL NUMBER
- control field: 34917
003 - CONTROL NUMBER IDENTIFIER
- control field: NUST
005 - DATE AND TIME OF LATEST TRANSACTION
- control field: 20201106181953.0
008 - FIXED-LENGTH DATA ELEMENTS
- fixed length control field: 201106|| aca||aabn | a|a d
040 ## - CATALOGING SOURCE
- Original cataloging agency: NUST
- Transcribing agency: NUST
150 ## - HEADING--TOPICAL TERM
- Topical term or geographic name entry element: Ms Mechatronics Engineering
670 ## - SOURCE DATA FOUND
- Source citation: Work cat.: (NUST): Zohaib, Muhammd 34916, Intelligent Navigation and Control of Mobile Robots Using Android Platform , 2014
